00622nam a22002057a 450000500170000001000130001702000220003003500130005203700190006504000120008408200160009610000150011224500620012726000460018927000430023530000220027850000580030065000280035865000300038620170124110056.0 aA-677755 c00.00a8185182906 aA-677755 bCen. Lib./Ret. aDPLbEN a954.15bNEG aNegi, S. S aHimachal Pradesh :cby S. S. Negibthe land and people / aNew DelhibIndus Publishing Companyc1993 aFS-5, Tagore GardenbNew Delhie110027 a208p. :c21cm(Hb) aIncludes bibliographical references and index  aIndia--Himachal Pradesh aHimalaya Mountains Region